| 000 | 00949nam a22003137a 4500 | ||
|---|---|---|---|
| 001 | 000019971 | ||
| 003 | CHAP | ||
| 005 | 20220329134331.0 | ||
| 008 | 971013s1966 r 00010 d | ||
| 010 | _a18931 | ||
| 011 | _a19903 | ||
| 035 | _a23988 | ||
| 040 | _cCHAP | ||
| 090 | _aFolleto 707 | ||
| 100 | 0 | 0 |
_aÁlvarez, Manuel. _982423 |
| 245 | 1 | 0 | _aClasificación de las rocas carbonatadas. |
| 260 |
_aMéxico, D.F., : _bComisión Nacional de Energía Nuclear, _c1966. |
||
| 300 |
_a31 p. : _b: ilus. |
||
| 590 |
_aBATCH-UPD _b10 _c20130110 _lUCH01 _h1131 |
||
| 590 |
_aBATCH-UPD _b10 _c20130410 _lUCH01 _h0720 |
||
| 590 |
_aBATCH-UPD _b10 _c20130914 _lUCH01 _h2006 |
||
| 590 |
_aCONVERSION _b10 _c20130109 _lUCH01 _h1311 |
||
| 590 |
_aE5995AHE _b05 _c20141114 _lUCH01 _h0936 |
||
| 650 | 1 | 4 |
_aRocas _xClasificación y nomenclatura. _998164 |
| 901 | _aBK | ||
| 942 | _cFOLL | ||
| 942 | _n0 | ||
| 949 |
_aFolleto 707 _bBC _cFOLL _d-55521 _eTS1 _i23988 _si |
||
| 999 |
_c18931 _d18931 |
||